00509nam a22001697a 4500003000400000008004100004082001600045100002200061245011100083260006800194300001000262502001700272650001700289650001100306650001100317650001100328OSt260429b |||||||| |||| 00| 0 eng d a634.1bT30E aThakur, Surendra. aEffect of Different Growth Regulators on Bearing of Litchi (Litchi chinensis Sonn.) / cby Surendra Thakur a.- Sabour, Bhagalpurb: Bihar Agricultural College, RAUc, 1987 a116p. bPh. D.d1987 aHorticulture aLitchi aThesis aPh. D.